000 00369 a2200169 4500
001 182515
020 _a85-01-04882-8
040 _cMagnum
100 _aAndrade, Carlos Drummond de
240 1 0 _aHistórias para o rei
_lpor
245 1 0 _aHistórias para o rei
300 _a92
362 0 _a2001
440 1 _aRecord
697 _aLITERATURA GERAL
942 _cBK
999 _c182515
_d182515